Banking institutions in Israel. (Record no. 32041)

MARC details
000 -LEADER
fixed length control field 00895cam a22002531 4500
001 - CONTROL NUMBER
control field he 66001933
003 - CONTROL NUMBER IDENTIFIER
control field DLC
005 - DATE AND TIME OF LATEST TRANSACTION
control field 20260227111442.0
008 - FIXED-LENGTH DATA ELEMENTS--GENERAL INFORMATION
fixed length control field 740123s1966 is b 00000 eng
010 ## - LIBRARY OF CONGRESS CONTROL NUMBER
LC control number he 66001933 //r852
025 ## - OVERSEAS ACQUISITION NUMBER
Overseas acquisition number PL480:IS-3384
041 1# - LANGUAGE CODE
Language code of text/sound track or separate title engheb
043 ## - GEOGRAPHIC AREA CODE
Geographic area code a-is---
050 0# - LIBRARY OF CONGRESS CALL NUMBER
Classification number HG3361.P22
Item number H413
082 ## - DEWEY DECIMAL CLASSIFICATION NUMBER
Classification number 332.1095694
100 10 - MAIN ENTRY--PERSONAL NAME
Personal name Heth, Meir.
240 10 - UNIFORM TITLE
Uniform title Mosadot ha-banḳaʼiyim be-Yiśraʼel.
Language of a work English
245 10 - TITLE STATEMENT
Title Banking institutions in Israel.
Statement of responsibility, etc. [Translated by Charles Weiss]
260 0# - PUBLICATION, DISTRIBUTION, ETC.
Place of publication, distribution, etc. Jerusalem,
Name of publisher, distributor, etc. Maurice Falk Institute for Economic Research in Israel,
Date of publication, distribution, etc. 1966.
300 ## - PHYSICAL DESCRIPTION
Extent 380 p.
Dimensions 25 cm.
500 ## - GENERAL NOTE
General note "Published in Hebrew ... in 1963 ... Additional chapter summarizing developments during ... 1962 to 1964 was prepared ... for the English edition."
504 ## - BIBLIOGRAPHY, ETC. NOTE
Bibliography, etc. note Bibliographical footnotes.
650 #0 - SUBJECT ADDED ENTRY--TOPICAL TERM
Topical term or geographic name entry element Banks and banking
Geographic subdivision Israel.

No items available.

Powered by Koha